[Event "TechM Global Chess League"]
[Site "London ENG"]
[Date "2024.10.06"]
[Round "5.2"]
[White "Nodirbek Abdusattorov"]
[Black "R Praggnanandhaa"]
[Result "1-0"]
[EventDate "2024.10.03"]
[WhiteElo "2722"]
[BlackElo "2668"]
[PlyCount "136"]

1. d4 d5 2. Nf3 Nf6 3. Bf4 Bf5 4. e3 e6 5. Bd3 Bd6 6. Bxf5 exf5 7. Bg5 Nbd7 8. Qd3 g6 9. Nbd2 c6 10. c4 h6 11. Bh4 Qe7 12. O-O Qe6 13. Qb3 Rb8 14. cxd5 Qxd5 15. Rac1 O-O 16. Bxf6 Nxf6 17. Qxd5 Nxd5 18. g3 a5 19. Nc4 Bc7 20. Ne1 Rfd8 21. a3 Ra8 22. Nd3 Bd6 23. Kg2 Be7 24. h3 h5 25. Rc2 Kg7 26. Rb1 a4 27. Nf4 Ra6 28. b4 axb3 29. Rxb3 Nxf4+ 30. gxf4 Ra7 31. Rcb2 Rd7 32. a4 Bd8 33. Ne5 Rc7 34. a5 f6 35. Nd3 Be7 36. Rb6 Kf7 37. h4 Ke6 38. Kf3 Bd6 39. Ra2 Kd5 40. Ra1 Ke6 41. Nc1 Kd5 42. Ne2 Ke6 43. Nc3 Kf7 44. Nb5 cxb5 45. Rxd6 Ra6 46. Rd5 b6 47. Rxb5 bxa5 48. Rbxa5 Rxa5 49. Rxa5 Rc1 50. Kg2 Rd1 51. Ra7+ Kf8 52. Rd7 Kg8 53. f3 Rd2+ 54. Kg3 Rd3 55. Kf2 Rd2+ 56. Ke1 Rh2 57. d5 Kf8 58. d6 Rxh4 59. Rh7 Rh1+ 60. Ke2 Ke8 61. e4 fxe4 62. fxe4 Ra1 63. e5 fxe5 64. fxe5 Ra5 65. Re7+ Kd8 66. Ke3 h4 67. Ke4 h3 68. Rh7 1-0

[Event "TechM Global Chess League"]
[Site "London ENG"]
[Date "2024.10.04"]
[Round "3.1"]
[White "Nodirbek Abdusattorov"]
[Black "Santosh Gujrathi Vidit"]
[Result "1/2-1/2"]
[EventDate "2024.10.03"]
[WhiteElo "2722"]
[BlackElo "2674"]
[PlyCount "178"]

1. d4 d5 2. Nf3 Nf6 3. Bf4 c5 4. e3 e6 5. Nbd2 Qb6 6. Rb1 Bd6 7. dxc5 Qxc5 8. Bg5 O-O 9. Bd3 Nbd7 10. O-O h6 11. Bh4 b6 12. c4 dxc4 13. Nxc4 Be7 14. b4 Qh5 15. Be2 Bb7 16. Bg3 Qf5 17. Bd6 Bxd6 18. Nxd6 Qd5 19. e4 Qxd1 20. Rfxd1 Rfb8 21. Bb5 a6 22. Bxd7 Nxd7 23. Rbc1 Nf6 24. Nd2 Ne8 25. N2c4 Bc6 26. Nxe8 Bxe8 27. Nd6 Ba4 28. Rd3 Ra7 29. e5 b5 30. f4 a5 31. a3 axb4 32. axb4 Rd7 33. Rdc3 f6 34. Kf2 fxe5 35. fxe5 Rf8+ 36. Ke3 Kh7 37. Rc8 Rxc8 38. Rxc8 Bb3 39. h4 Ra7 40. Ne8 Ra2 41. g4 Rg2 42. Rc7 Kg8 43. g5 hxg5 44. h5 Rh2 45. Nxg7 Kf8 46. Kf3 Rh4 47. Kg3 Bd5 48. Ra7 Rxb4 49. h6 Rh4 50. h7 b4 51. Rd7 b3 52. Nf5 exf5 53. Rxd5 Rxh7 54. Rb5 Re7 55. e6 Kg7 56. Rxf5 Rxe6 57. Rb5 Re3+ 58. Kg4 Kf6 59. Rc5 Ke6 60. Rxg5 Re4+ 61. Kf3 Rb4 62. Rg1 b2 63. Rb1 Kd5 64. Ke3 Kc4 65. Kd2 Kb3 66. Rg1 Ka2 67. Kc3 Rb3+ 68. Kc4 b1=Q 69. Rxb1 Rxb1 70. Kc3 Rb2 71. Kd4 Ka3 72. Kd3 Rb3+ 73. Kd4 Ka4 74. Kc4 Rb4+ 75. Kd3 Kb5 76. Kc3 Kc5 77. Kd3 Rb3+ 78. Kd2 Kc4 79. Ke2 Rd3 80. Kf2 Kd4 81. Kg2 Rd2+ 82. Kg3 Re2 83. Kg4 Rg2+ 84. Kh5 Ke4 85. Kh4 Kf4 86. Kh5 Rg3 87. Kh6 Rg4 88. Kh7 Rg5 89. Kh6 1/2-1/2

[Event "10th Gashimov Memorial Rapid"]
[Site "Shusha AZE"]
[Date "2024.09.27"]
[Round "4"]
[White "Vladislav Artemiev"]
[Black "Nodirbek Abdusattorov"]
[Result "1/2-1/2"]
[EventDate "2024.09.26"]
[WhiteElo "2701"]
[BlackElo "2766"]
[PlyCount "82"]

1. d4 Nf6 2. c4 e6 3. Nc3 Bb4 4. Qc2 d5 5. a3 Bxc3+ 6. Qxc3 Ne4 7. Qc2 c5 8. dxc5 Nc6 9. Nf3 Qa5+ 10. Bd2 Qxc5 11. e3 Nxd2 12. Nxd2 dxc4 13. Bxc4 O-O 14. b4 Qe7 15. Be2 Bd7 16. O-O Rac8 17. Qb2 Rfd8 18. Rac1 Be8 19. Ne4 Nb8 20. Rxc8 Rxc8 21. Rd1 Ba4 22. Rd2 Bc6 23. Nd6 Rd8 24. Nc4 Bd5 25. Ne5 Nc6 26. Nxc6 Bxc6 27. Rd4 Qf6 28. Rxd8+ Qxd8 29. f3 Qd6 30. g3 f6 31. Kf2 Kf7 32. Qc2 h6 33. Qc3 b6 34. Qd3 Qxd3 35. Bxd3 Ke7 36. e4 e5 37. Ke3 Kd6 38. Bc4 Ba4 39. Kd2 g5 40. Ke3 Bd1 41. Bb5 1/2-1/2

[Event "10th Gashimov Memorial Rapid"]
[Site "Shusha AZE"]
[Date "2024.09.27"]
[Round "5"]
[White "Nodirbek Abdusattorov"]
[Black "Shakhriyar Mamedyarov"]
[Result "0-1"]
[EventDate "2024.09.26"]
[WhiteElo "2766"]
[BlackElo "2733"]
[PlyCount "118"]

1. e4 c5 2. Nf3 a6 3. c3 d5 4. exd5 Qxd5 5. d4 e6 6. Be2 cxd4 7. cxd4 Nf6 8. O-O Be7 9. Nc3 Qd8 10. Bf4 O-O 11. Rc1 Nc6 12. Na4 Nd5 13. Bg3 Bf6 14. Bd3 Nb6 15. Nc5 Nxd4 16. Nxd4 Qxd4 17. Bd6 Re8 18. Nb3 Qa4 19. Rc7 Qh4 20. g3 Qh3 21. Qf3 Nd5 22. Rc2 Bd7 23. Be4 Rac8 24. Rd2 Red8 25. Re1 b6 26. Nd4 Rc4 27. Ne2 Bc6 28. Ba3 Rc8 29. Red1 h6 30. Qg2 Qh5 31. Bf3 Qf5 32. Rd3 b5 33. b3 Rc2 34. Be4 Qh5 35. Bf3 Qe5 36. Nd4 Rxa2 37. Nxc6 Rxc6 38. Bxd5 exd5 39. Rxd5 Qe2 40. Bb4 Re6 41. Rf1 a5 42. Bc5 a4 43. bxa4 bxa4 44. Rd7 Qe4 45. Rfd1 Qxg2+ 46. Kxg2 Rc2 47. R1d5 Ra6 48. Ba3 Bb2 49. Rd3 Rf6 50. Kh3 Rfxf2 51. Ra7 Bxa3 52. Rxa3 Rxh2+ 53. Kg4 h5+ 54. Kg5 Rc5+ 55. Kf4 Rc4+ 56. Ke5 Re2+ 57. Kd5 Ree4 58. Rf3 f6 59. Rd3 Kh7 0-1

[Event "10th Gashimov Memorial Rapid"]
[Site "Shusha AZE"]
[Date "2024.09.26"]
[Round "1"]
[White "Nodirbek Abdusattorov"]
[Black "Chithambaram VR Aravindh"]
[Result "1-0"]
[EventDate "2024.09.26"]
[WhiteElo "2766"]
[BlackElo "2698"]
[PlyCount "82"]

1. d4 Nf6 2. Nf3 g6 3. Bf4 Bg7 4. c3 d6 5. Nbd2 Nh5 6. Bg5 h6 7. Bh4 g5 8. Bg3 Nd7 9. e4 e6 10. Bd3 b6 11. Ng1 Nxg3 12. hxg3 Bb7 13. Ne2 Qe7 14. g4 c5 15. Nf1 a6 16. Ne3 b5 17. a4 b4 18. a5 O-O 19. O-O Rfc8 20. d5 Ne5 21. Bc2 Rab8 22. cxb4 Ba8 23. bxc5 Rxc5 24. Bb3 Rb4 25. dxe6 fxe6 26. Nf5 Qd7 27. Ned4 d5 28. Nxg7 Kxg7 29. Qd2 Rb8 30. Rac1 Rxc1 31. Rxc1 Kg8 32. Qe3 Nf7 33. e5 Rc8 34. Re1 Bc6 35. Qd3 Nd8 36. Qxa6 Rb8 37. Qd3 Bb5 38. Nxb5 Qxb5 39. Qg6+ Kf8 40. Re3 Nf7 41. Rf3 1-0

[Event "10th Gashimov Memorial Rapid"]
[Site "Shusha AZE"]
[Date "2024.09.26"]
[Round "2"]
[White "Aydin Suleymanli"]
[Black "Nodirbek Abdusattorov"]
[Result "1/2-1/2"]
[EventDate "2024.09.26"]
[WhiteElo "2632"]
[BlackElo "2766"]
[PlyCount "96"]

1. e4 e5 2. Nf3 Nc6 3. Bb5 a6 4. Ba4 Nf6 5. O-O d6 6. Bxc6+ bxc6 7. Re1 Bg4 8. d4 Nd7 9. c3 Be7 10. Nbd2 O-O 11. h3 Bh5 12. Qa4 exd4 13. Nxd4 c5 14. Nc6 Qe8 15. Nc4 f6 16. Bf4 Bf7 17. Rad1 Ne5 18. Nxe7+ Qxe7 19. Ne3 Be6 20. b4 cxb4 21. cxb4 Qf7 22. Rd2 Qg6 23. Bxe5 fxe5 24. Qc6 Rac8 25. Kh2 Rf7 26. Ree2 Rcf8 27. Qc2 Qh6 28. Kg1 Qg5 29. Kh2 Qh4 30. Kg1 h6 31. Qd3 Rf6 32. Nf1 Bd7 33. Qg3 Qh5 34. Qb3+ Kh7 35. Rc2 Rg6 36. Ng3 Qh4 37. Rxc7 Bxh3 38. gxh3 Qxh3 39. Rf7 Rb8 40. Rc2 h5 41. Rf5 Qg4 42. Kh2 Qh4+ 43. Kg1 Qg4 44. Kh2 Qh4+ 45. Kg1 Qg4 46. Kh2 Qh4+ 47. Kg1 Qg4 48. Kh2 1/2-1/2

[Event "10th Gashimov Memorial Rapid"]
[Site "Shusha AZE"]
[Date "2024.09.26"]
[Round "3"]
[White "Nodirbek Abdusattorov"]
[Black "Ian Nepomniachtchi"]
[Result "0-1"]
[EventDate "2024.09.26"]
[WhiteElo "2766"]
[BlackElo "2755"]
[PlyCount "98"]

1. d4 Nf6 2. Nf3 d5 3. e3 e6 4. Bd3 b6 5. b3 Bb4+ 6. c3 Bd6 7. Bb2 Bb7 8. O-O Nbd7 9. Nbd2 c5 10. c4 cxd4 11. Nxd4 O-O 12. cxd5 Bxd5 13. Qe2 Qe7 14. Bb5 Rac8 15. Ba6 Rcd8 16. Rac1 Nc5 17. Bc4 Ba8 18. N2f3 Be4 19. Rfd1 h6 20. a3 e5 21. Nb5 Bb8 22. Nc3 Bh7 23. b4 Nce4 24. Nxe4 Bxe4 25. Nd2 Bg6 26. e4 a5 27. Bc3 axb4 28. axb4 Bd6 29. Rb1 Rc8 30. Rb3 Rc7 31. Ba6 Ra8 32. f3 Rca7 33. Bb5 Ra2 34. Qe3 Rc2 35. Bf1 Raa2 36. Nc4 Bb8 37. Na3 b5 38. Nxb5 Nh5 39. Ra3 Rxa3 40. Nxa3 Rxc3 41. Qxc3 Ba7+ 42. Kh1 Qh4 43. Qc8+ Kh7 44. Qg4 Qf2 45. Bc4 Nf4 46. Rf1 Qd2 47. Ba6 Qa2 48. Bc8 Nd3 49. Qh4 Qe2 0-1

[Event "Saint Louis Rapid"]
[Site "Saint Louis, MO USA"]
[Date "2024.08.14"]
[Round "7.2"]
[White "Nodirbek Abdusattorov"]
[Black "Levon Aronian"]
[Result "1-0"]
[EventDate "2024.08.12"]
[WhiteElo "2762"]
[BlackElo "2729"]
[PlyCount "130"]

1. d4 Nf6 2. Bf4 d5 3. e3 c5 4. Nf3 Nc6 5. Nbd2 Nh5 6. Be5 e6 7. Bb5 Bd7 8. Bxc6 Bxc6 9. dxc5 Bxc5 10. g4 Nf6 11. g5 Nh5 12. Qe2 Rc8 13. Rg1 Bd6 14. O-O-O Ba4 15. b3 Bc6 16. Bb2 O-O 17. Nd4 g6 18. f4 a5 19. N2f3 a4 20. Kb1 Qa5 21. Ne5 axb3 22. cxb3 Ra8 23. Ba1 Bxe5 24. fxe5 Ra6 25. Qd2 Rfa8 26. Qxa5 Rxa5 27. Rd2 Ng7 28. h4 Nf5 29. Bc3 R5a6 30. Nxf5 exf5 31. Bb4 d4 32. exd4 Be4+ 33. Ka1 Bd5 34. a3 Rc6 35. Rf1 Rac8 36. Kb2 Kg7 37. Rff2 h6 38. Rd3 hxg5 39. hxg5 Rh8 40. Be7 Rh1 41. a4 Rc7 42. Bd6 Rc8 43. a5 Rch8 44. Rc3 R8h3 45. Rfc2 f4 46. e6 Bxe6 47. Be5+ Kf8 48. Bxf4 Rxc3 49. Rxc3 Rh3 50. Bg3 Ke8 51. b4 Rh5 52. Rc5 Rh3 53. d5 Bf5 54. Be5 Re3 55. d6 Re2+ 56. Ka3 Re3+ 57. Kb2 Re2+ 58. Ka3 Re3+ 59. Ka4 Bd7+ 60. b5 Re1 61. Ka3 Rb1 62. Bb2 Rd1 63. a6 bxa6 64. b6 Rd3+ 65. Bc3 1-0

[Event "Saint Louis Rapid"]
[Site "Saint Louis, MO USA"]
[Date "2024.08.14"]
[Round "8.3"]
[White "Ian Nepomniachtchi"]
[Black "Nodirbek Abdusattorov"]
[Result "1/2-1/2"]
[EventDate "2024.08.12"]
[WhiteElo "2767"]
[BlackElo "2762"]
[PlyCount "132"]

1. c4 c5 2. Nf3 Nf6 3. Nc3 Nc6 4. e3 e6 5. d4 d5 6. cxd5 exd5 7. Bb5 cxd4 8. Nxd4 Bd7 9. Nf3 Bb4 10. O-O Bxc3 11. bxc3 O-O 12. c4 a6 13. Bxc6 Bxc6 14. Ba3 Re8 15. Nd4 dxc4 16. Nxc6 bxc6 17. Qc1 Ne4 18. f3 Ng5 19. e4 Qa5 20. Bd6 Rad8 21. Qa3 Qxa3 22. Bxa3 Rd3 23. Bb4 Rb8 24. a3 Ne6 25. Rfc1 c5 26. Be1 Rb2 27. Rxc4 Re3 28. Kf1 h5 29. Bg3 Ree2 30. Rb1 Ra2 31. Ra1 Rf2+ 32. Bxf2 Rxa1+ 33. Ke2 Nf4+ 34. Kd2 Rxa3 35. g3 Nd3 36. Ke2 Nxf2 37. Kxf2 Ra5 38. e5 Kf8 39. f4 Ke7 40. f5 g6 41. g4 Rb5 42. fxg6 fxg6 43. gxh5 gxh5 44. Rh4 a5 45. Rxh5 Ke6 46. Ke3 a4 47. Kd3 Ra5 48. Kc2 a3 49. Kb1 a2+ 50. Ka1 Ra4 51. Rg5 c4 52. Rg3 Kxe5 53. h4 Kd4 54. h5 Ra8 55. h6 c3 56. h7 c2 57. Rg1 Ke3 58. Rh1 Rh8 59. Rh3+ Kd4 60. Rh4+ Kd5 61. Rh5+ Ke4 62. Rh4+ Kf5 63. Rc4 Rxh7 64. Rxc2 Ra7 65. Rxa2 Rxa2+ 66. Kxa2 1/2-1/2

[Event "Saint Louis Rapid"]
[Site "Saint Louis, MO USA"]
[Date "2024.08.14"]
[Round "9.1"]
[White "Nodirbek Abdusattorov"]
[Black "Wesley So"]
[Result "0-1"]
[EventDate "2024.08.12"]
[WhiteElo "2762"]
[BlackElo "2751"]
[PlyCount "66"]

1. d4 d5 2. Nf3 Nf6 3. Bf4 c5 4. e3 Nc6 5. Nbd2 e6 6. c3 Nh5 7. Bg5 f6 8. Bh4 g6 9. Be2 cxd4 10. Nxd4 Ng7 11. O-O Nxd4 12. cxd4 Nf5 13. Bg3 Bd7 14. e4 dxe4 15. Nxe4 Bc6 16. Nc3 Nxd4 17. Bc4 e5 18. f4 b5 19. Bd3 b4 20. Ne4 f5 21. fxe5 fxe4 22. Bc4 Nf5 23. Qb3 Qb6+ 24. Kh1 O-O-O 25. Be6+ Kb7 26. Bxf5 gxf5 27. Qf7+ Qc7 28. Qxf5 e3 29. Rac1 Rd2 30. Qf6 Bxg2+ 31. Kg1 Bc5 32. Rfe1 Bd5 33. Kf1 Qd7 0-1

[Event "Saint Louis Rapid"]
[Site "Saint Louis, MO USA"]
[Date "2024.08.13"]
[Round "4"]
[White "Praggnanandhaa ,Rameshbabu"]
[Black "Nodirbek Abdusattorov"]
[Result "1/2-1/2"]
[EventDate "2024.08.12"]
[WhiteElo "2749"]
[BlackElo "2762"]
[PlyCount "166"]

1. c4 g6 2. e4 e5 3. d4 Nf6 4. f3 exd4 5. Qxd4 Nc6 6. Qf2 Bg7 7. Nc3 O-O 8. Be3 d6 9. Nge2 Ne5 10. Nf4 c6 11. h4 Be6 12. Nxe6 fxe6 13. Qd2 Nh5 14. Rh3 Qa5 15. a3 Rad8 16. O-O-O a6 17. g4 Nxf3 18. Qc2 Bxc3 19. Qxc3 Qxc3+ 20. bxc3 Ng7 21. Be2 Ne5 22. h5 Ne8 23. g5 gxh5 24. Rxh5 Rd7 25. Rh6 Re7 26. c5 d5 27. Bd4 Ng6 28. exd5 exd5 29. Bd3 Nf4 30. g6 Nxd3+ 31. Rxd3 Rf1+ 32. Kd2 hxg6 33. Rg3 Kf7 34. Rgxg6 Ree1 35. Rg2 Rd1+ 36. Kc2 Rc1+ 37. Kb2 Rb1+ 38. Ka2 Ra1+ 39. Kb3 Nf6 40. Bxf6 Rxf6 41. Rh7+ Ke6 42. Re2+ Kf5 43. Kb2 Rf1 44. Rxb7 Rf4 45. Rb4 Re4 46. Rh2 a5 47. Rb6 Kg4 48. Rb8 Kg3 49. Rd2 a4 50. Rb6 Kf3 51. Rxd5 Re2+ 52. Kc1 Ke4 53. Rd6 Rf1+ 54. Rd1 Rff2 55. Rd4+ Ke5 56. Rb8 Rc2+ 57. Kb1 Rxc3 58. Rxa4 Kd5 59. Rb2 Rf1+ 60. Ka2 Rcc1 61. Rd2+ Kxc5 62. Rh4 Ra1+ 63. Kb2 Rab1+ 64. Ka2 Ra1+ 65. Kb2 Rfb1+ 66. Kc2 Rc1+ 67. Kb2 Kb5 68. Rb4+ Ka5 69. Rd8 Rab1+ 70. Ka2 Ra1+ 71. Kb2 Rab1+ 72. Ka2 Rxb4 73. Ra8+ Kb5 74. Rb8+ Ka6 75. axb4 Rc3 76. Kb2 Rf3 77. Kc2 Ka7 78. Rh8 Kb6 79. Rh5 Rg3 80. Kb2 Rf3 81. Kc2 Rg3 82. Kb2 Rf3 83. Kc2 1/2-1/2

[Event "Saint Louis Rapid"]
[Site "Saint Louis, MO USA"]
[Date "2024.08.13"]
[Round "5"]
[White "Nodirbek Abdusattorov"]
[Black "Fabiano Caruana"]
[Result "1/2-1/2"]
[EventDate "2024.08.12"]
[WhiteElo "2762"]
[BlackElo "2793"]
[PlyCount "152"]

1. f4 d5 2. Nf3 Bg4 3. Ne5 Bf5 4. e3 e6 5. Be2 Nd7 6. O-O Bd6 7. Nxd7 Qxd7 8. b3 Nf6 9. Bb2 h5 10. Bf3 O-O-O 11. Nc3 Kb8 12. Ne2 Rde8 13. Ng3 Bg6 14. Be5 h4 15. Ne2 Bxe5 16. fxe5 Ne4 17. Nf4 Bf5 18. d3 Ng5 19. Bg4 h3 20. g3 g6 21. c4 c6 22. Rc1 Qc7 23. d4 Qa5 24. Bxf5 gxf5 25. Qc2 Ne4 26. Qb2 Rc8 27. b4 Qa4 28. Nd3 dxc4 29. Nc5 Nxc5 30. bxc5 Qa6 31. Rc3 b5 32. cxb6 axb6 33. Rxc4 Rc7 34. Rb4 Rb7 35. Qc2 Rc8 36. Rfb1 Qa5 37. Qb2 Kc7 38. a4 Kd7 39. e4 fxe4 40. Qf2 Rf8 41. Qf1 Qd5 42. Qxh3 Kc7 43. Qf1 c5 44. Rc4 Kb8 45. Rb5 Rc8 46. Qe2 e3 47. h4 Rg8 48. Kh2 Rg4 49. a5 Rxd4 50. Rxd4 Qxd4 51. axb6 c4 52. Kh3 c3 53. h5 Rxb6 54. h6 Rxb5 55. Qxb5+ Kc7 56. h7 Qe4 57. Qc5+ Kb7 58. Qe7+ Ka6 59. Qd6+ Kb5 60. Qb8+ Kc4 61. h8=Q Qh1+ 62. Kg4 Qe4+ 63. Kg5 Qf5+ 64. Kh4 Qe4+ 65. g4 Kd3 66. Qb1+ c2 67. Qf1+ Kd2 68. Qd8+ Qd5 69. Qc7 e2 70. Qxc2+ Kxc2 71. Qxe2+ Kc3 72. Kg5 Qd8+ 73. Kf4 Qd4+ 74. Kg5 Qd8+ 75. Kf4 Qd4+ 76. Kg5 Qd8+ 1/2-1/2

[Event "Saint Louis Rapid"]
[Site "Saint Louis, MO USA"]
[Date "2024.08.13"]
[Round "6"]
[White "Alireza Firouzja"]
[Black "Nodirbek Abdusattorov"]
[Result "1-0"]
[EventDate "2024.08.12"]
[WhiteElo "2751"]
[BlackElo "2762"]
[PlyCount "110"]

1. e4 c5 2. Nf3 d6 3. d4 cxd4 4. Nxd4 Nf6 5. Nc3 a6 6. Bg5 e6 7. f4 h6 8. Bh4 Qb6 9. a3 Be7 10. Bf2 Qc7 11. Qf3 e5 12. Nf5 Bxf5 13. exf5 d5 14. Nxd5 Qa5+ 15. Nc3 e4 16. Qh3 h5 17. Be2 Nbd7 18. O-O-O O-O-O 19. Rd4 Bc5 20. Rc4 Kb8 21. Bxc5 Nxc5 22. Qe3 Ncd7 23. Nxe4 Rhe8 24. Qc3 Qxc3 25. Nxc3 Nb6 26. Rc5 Nbd7 27. Ra5 Rc8 28. Bd3 Nc5 29. Bc4 Re7 30. Rd1 b6 31. Rxa6 Nxa6 32. Bxa6 Rc5 33. Rd8+ Kc7 34. Rc8+ Kd6 35. Nb5+ Kd7 36. Rxc5 bxc5 37. Bb7 Re2 38. a4 Ne8 39. Bf3 Rf2 40. a5 Nc7 41. Nc3 h4 42. Ne4 Rf1+ 43. Kd2 h3 44. Nxc5+ Ke7 45. Nd3 Kf6 46. Ke3 hxg2 47. Bxg2 Ra1 48. b4 Ra2 49. Kd2 Kxf5 50. Kc3 g5 51. fxg5 Kxg5 52. Bb7 Kf6 53. Kb3 Ra1 54. Kb2 Rg1 55. a6 1-0

[Event "Saint Louis Rapid"]
[Site "Saint Louis, MO USA"]
[Date "2024.08.12"]
[Round "1"]
[White "Dominguez Perez, Lenier"]
[Black "Nodirbek Abdusattorov"]
[Result "1/2-1/2"]
[EventDate "2024.08.12"]
[WhiteElo "2748"]
[BlackElo "2762"]
[PlyCount "58"]

1. e4 c5 2. Nf3 d6 3. d4 cxd4 4. Nxd4 Nf6 5. Nc3 g6 6. Be3 Bg7 7. f3 O-O 8. Qd2 Nc6 9. O-O-O d5 10. exd5 Nxd5 11. Nxc6 bxc6 12. Bd4 e5 13. Bc5 Be6 14. Ne4 Re8 15. h4 h5 16. Bc4 Nf4 17. Qxd8 Rexd8 18. Bxe6 Nxe6 19. Be7 Bh6+ 20. Kb1 Rxd1+ 21. Rxd1 f5 22. Nf6+ Kf7 23. Rd7 Nf4 24. g3 Ne2 25. Bf8+ Kxf8 26. Nh7+ Ke8 27. Nf6+ Kf8 28. Nh7+ Ke8 29. Nf6+ Kf8 1/2-1/2

[Event "Saint Louis Rapid"]
[Site "Saint Louis, MO USA"]
[Date "2024.08.12"]
[Round "3"]
[White "Vachier Lagrave, Maxime"]
[Black "Nodirbek Abdusattorov"]
[Result "1-0"]
[EventDate "2024.08.12"]
[WhiteElo "2721"]
[BlackElo "2762"]
[PlyCount "98"]

1. e4 c5 2. Nf3 d6 3. Bb5+ Nd7 4. d4 cxd4 5. Qxd4 a6 6. Be2 Ngf6 7. Nc3 g6 8. e5 dxe5 9. Nxe5 Nxe5 10. Qxe5 Bg7 11. O-O Be6 12. Rd1 Qc8 13. Be3 O-O 14. Bd4 Rd8 15. Bf3 Qc4 16. Qc5 Rac8 17. Qxc4 Rxc4 18. Be3 Rxd1+ 19. Rxd1 h5 20. h3 b5 21. a3 Bf5 22. Bb7 b4 23. Bxa6 Rc6 24. Bb5 bxc3 25. Bxc6 cxb2 26. Rb1 Ne8 27. Bxe8 Bxc2 28. Rxb2 Bxb2 29. a4 Bc3 30. Bb6 Bd3 31. a5 Ba6 32. g3 e5 33. Bc6 f5 34. Bg2 Kf7 35. Bf1 Bb7 36. a6 Bc6 37. h4 Ke7 38. Bg2 Kd6 39. a7 e4 40. Bf1 Ba8 41. Bc4 Ke7 42. Be3 Bf6 43. Bg5 Bxg5 44. hxg5 Kf8 45. Kf1 Ke7 46. Ke2 f4 47. gxf4 h4 48. Kf1 Kd6 49. Bf7 1-0

[Event "FIDE World Bl Team Pool A"]
[Site "Astana KAZ"]
[Date "2024.08.05"]
[Round "5.3"]
[White "Roman Shogdzhiev"]
[Black "Nodirbek Abdusattorov"]
[Result "0-1"]
[EventDate "2024.08.05"]
[WhiteElo "2124"]
[BlackElo "2762"]
[PlyCount "140"]

1. e4 c5 2. Nf3 d6 3. d4 cxd4 4. Nxd4 Nf6 5. Nc3 a6 6. g3 g6 7. Bg2 Bg7 8. O-O O-O 9. a4 Bg4 10. Nde2 Nc6 11. h3 Bd7 12. Be3 Rc8 13. Nd5 Nxd5 14. exd5 Na5 15. Bd4 Bxd4 16. Nxd4 Qb6 17. b3 Qb4 18. c4 b5 19. axb5 axb5 20. Qe1 Qc5 21. Qxa5 Qxd4 22. cxb5 Rb8 23. Qa7 Qxa7 24. Rxa7 Bxb5 25. Re1 Bd3 26. Raxe7 Rxb3 27. R7e3 Rfb8 28. Re8+ Rxe8 29. Rxe8+ Kg7 30. f4 Bc4 31. Rd8 Rb6 32. g4 h6 33. h4 Kf6 34. Rd7 Bb5 35. g5+ hxg5 36. hxg5+ Kg7 37. Rd8 Ra6 38. Kf2 Bd3 39. Ke3 Bf5 40. Kf2 f6 41. Bf1 Rb6 42. Ra8 fxg5 43. fxg5 Be4 44. Ra7+ Kf8 45. Bc4 Rb4 46. Rc7 Ke8 47. Ke3 Bf5 48. Kd4 Rb1 49. Ra7 Rd1+ 50. Ke3 Re1+ 51. Kd2 Rg1 52. Ra8+ Ke7 53. Ra7+ Kd8 54. Ra6 Kc7 55. Ra7+ Kb6 56. Ra6+ Kc5 57. Ba2 Kd4 58. Ra4+ Ke5 59. Ke3 Rg3+ 60. Kf2 Rxg5 61. Ra8 Rh5 62. Re8+ Kd4 63. Rd8 Rh2+ 64. Kg3 Rxa2 65. Rxd6 Ke5 66. Rd8 Ra3+ 67. Kf2 Kf4 68. d6 Ra2+ 69. Ke1 Ke3 70. Re8+ Be4 0-1

[Event "FIDE World Rapid Team"]
[Site "Astana KAZ"]
[Date "2024.08.04"]
[Round "10.3"]
[White "Nodirbek Abdusattorov"]
[Black "Alexander Grischuk"]
[Result "1/2-1/2"]
[EventDate "2024.08.02"]
[WhiteElo "2732"]
[BlackElo "2699"]
[PlyCount "84"]

1. e4 e6 2. d4 d5 3. e5 c5 4. c3 Nc6 5. Nf3 Qb6 6. a3 Bd7 7. b4 cxd4 8. cxd4 Rc8 9. Be3 Nh6 10. Bd3 Ng4 11. O-O Be7 12. Nbd2 Nxe3 13. fxe3 Nb8 14. Qe2 a6 15. Nb3 Bb5 16. Nc5 Bxd3 17. Qxd3 O-O 18. Rab1 Qa7 19. Rfc1 b6 20. Na4 Qb7 21. Nc3 Nd7 22. Ne2 Rxc1+ 23. Rxc1 Rc8 24. Rf1 a5 25. b5 a4 26. Nc3 Qc7 27. Nxa4 Qc2 28. Qxc2 Rxc2 29. Ra1 f5 30. exf6 gxf6 31. Kf1 Kf7 32. Ne1 Rc4 33. Nb2 Rc3 34. Nd1 Rxa3 35. Rxa3 Bxa3 36. Ke2 Bd6 37. Nf3 h5 38. Nc3 f5 39. h3 Nf6 40. Na4 Bc7 41. Ng5+ Ke7 42. Kd3 1/2-1/2

[Event "FIDE World Rapid Team"]
[Site "Astana KAZ"]
[Date "2024.08.04"]
[Round "12.3"]
[White "Daniel Dardha"]
[Black "Nodirbek Abdusattorov"]
[Result "0-1"]
[EventDate "2024.08.02"]
[WhiteElo "2562"]
[BlackElo "2732"]
[PlyCount "68"]

1. Nf3 d5 2. d4 c6 3. c4 Nf6 4. e3 a6 5. Nc3 b5 6. b3 Bg4 7. h3 Bxf3 8. Qxf3 e5 9. Bd2 e4 10. Qd1 Bd6 11. g4 Nbd7 12. g5 Ng8 13. Qg4 Ne7 14. h4 O-O 15. c5 Bc7 16. Bh3 f5 17. gxf6 Nxf6 18. Qg5 Kh8 19. O-O-O Ne8 20. h5 Nf5 21. Rdg1 Nh4 22. Qg4 Nf3 23. Rg2 Ba5 24. Qd7 Nxd2 25. Kxd2 Qh4 26. Rhh2 Bc7 27. Rg4 Qf6 28. h6 Bxh2 29. Rg2 Rf7 30. Nxd5 cxd5 31. Qxd5 Rd8 32. Qxe4 Bc7 33. Ke2 Re7 34. hxg7+ Nxg7 0-1

[Event "FIDE World Rapid Team"]
[Site "Astana KAZ"]
[Date "2024.08.03"]
[Round "5.4"]
[White "Dmitry Andreikin"]
[Black "Nodirbek Abdusattorov"]
[Result "1/2-1/2"]
[EventDate "2024.08.02"]
[WhiteElo "2741"]
[BlackElo "2732"]
[PlyCount "184"]

1. Nf3 Nf6 2. g3 d5 3. Bg2 c5 4. O-O e6 5. b3 Be7 6. Bb2 O-O 7. e3 b6 8. c4 Ba6 9. Ne5 Qc7 10. f4 Bb7 11. Nc3 Nbd7 12. Nb5 Qc8 13. Rc1 a6 14. Nc3 b5 15. cxd5 exd5 16. Nf3 Re8 17. Ne2 Qd8 18. h3 Bf8 19. Kh2 a5 20. g4 a4 21. b4 cxb4 22. Ned4 b3 23. axb3 a3 24. Ba1 b4 25. Nf5 Ba6 26. Rg1 Bd3 27. N3d4 g6 28. Bf1 Bxf1 29. Qxf1 Ne4 30. Qb5 Ra5 31. Qc6 Rc5 32. Rxc5 Ndxc5 33. Rg2 Qd7 34. Qb6 Qb7 35. Qxb7 Nxb7 36. Nc6 Nbc5 37. Nfd4 Nd3 38. Kg1 Rc8 39. Kf1 Nc1 40. d3 Nc5 41. Rc2 N1xb3 42. Ne7+ Bxe7 43. Nxb3 Rb8 44. Nxc5 Bxc5 45. Rxc5 b3 46. Rc1 b2 47. Rb1 Kg7 48. Ke1 Kf6 49. Kd2 Ke6 50. Kc2 Rc8+ 51. Kd2 Rb8 52. Kc2 d4 53. Bxb2 Rc8+ 54. Kd1 Rb8 55. Kc2 Rc8+ 56. Kd1 axb2 57. Rxb2 dxe3 58. Re2 Kd5 59. Rxe3 Ra8 60. Ke2 Ra2+ 61. Kf3 Rd2 62. g5 Kd6 63. Ke4 Ke6 64. f5+ Kd6 65. f6 Rf2 66. Rf3 Re2+ 67. Kf4 Re1 68. Re3 Rf1+ 69. Kg4 Rg1+ 70. Kh4 Rd1 71. Re7 Rxd3 72. Rxf7 Rd4+ 73. Kg3 Rd3+ 74. Kg4 Rd4+ 75. Kf3 Rd3+ 76. Kf4 Rxh3 77. Re7 Rh1 78. Ra7 Ke6 79. Re7+ Kd6 80. Re8 Kd7 81. Re3 Rf1+ 82. Kg4 Rg1+ 83. Kh4 Rh1+ 84. Kg3 Rg1+ 85. Kf4 Rf1+ 86. Rf3 Rxf3+ 87. Kxf3 Ke6 88. Kf4 h6 89. gxh6 Kxf6 90. Kg4 g5 91. h7 Kg7 92. Kxg5 Kxh7 1/2-1/2

[Event "FIDE World Rapid Team"]
[Site "Astana KAZ"]
[Date "2024.08.03"]
[Round "7.2"]
[White "Nodirbek Abdusattorov"]
[Black "Kirill Shubin"]
[Result "0-1"]
[EventDate "2024.08.02"]
[WhiteElo "2732"]
[BlackElo "2430"]
[PlyCount "124"]

1. d4 Nf6 2. Nf3 e6 3. Bf4 d5 4. e3 c5 5. Nbd2 Nc6 6. c3 Nh5 7. Bg5 f6 8. Bh4 cxd4 9. Nxd4 g6 10. Bd3 Be7 11. O-O O-O 12. Re1 Ng7 13. N4b3 e5 14. c4 Be6 15. cxd5 Bxd5 16. Qe2 Nb4 17. Bc4 Bxc4 18. Nxc4 Rc8 19. Red1 Qc7 20. Rdc1 Qd7 21. f3 Nf5 22. Bf2 Qd3 23. Kf1 Rfd8 24. Rc3 Qd7 25. a3 Nd5 26. Rcc1 Qa4 27. Ncd2 Rxc1+ 28. Rxc1 Bf8 29. e4 Nf4 30. Qc4+ Qxc4+ 31. Nxc4 Nd4 32. Bxd4 exd4 33. Rd1 Rc8 34. Ncd2 Rc2 35. Nxd4 Rxb2 36. g3 Nh3 37. f4 g5 38. e5 gxf4 39. exf6 Bc5 40. Ne4 Rxh2 41. Nf3 Rh1+ 42. Ke2 Rxd1 43. Kxd1 Bxa3 44. g4 h6 45. Ke2 Bb2 46. Nd6 Bxf6 47. Nxb7 Kf7 48. Nd2 Ng5 49. Nd6+ Ke6 50. Nb5 a5 51. Nb3 Bd8 52. N3d4+ Kd5 53. Nf5 f3+ 54. Kf1 Bb6 55. Nc3+ Kc4 56. Nd1 a4 57. Nb2+ Kb3 58. Nd3 a3 59. Nxh6 Kc3 60. Nc1 Kb2 61. Nd3+ Kb1 62. Nb4 Ba5 0-1